| 000 | 00845cam a2200205 4500 | ||
|---|---|---|---|
| 001 | X115650 | ||
| 008 | 011121n2001 000 0 eng u | ||
| 035 | _a(Sirsi) u115650 | ||
| 245 | _aBatchelor v Marlow | ||
| 260 | _c2001 | ||
| 490 |
_aProperty, Planning and Compensation Reports _v[2001] 82 P&CR 459-463(5) |
||
| 490 |
_aWeekly Law Reports _v[2003] 1 WLR 764-769(6) |
||
| 520 | _aCA 28 June 2001. Respondents claimed prescriptive right to park cars on appellant's land between 0830 and 1800 Monday to Friday. Whether right capable of subsisting as an easement. Whether appellant left without any reasonable use of the land. (Taken from journal abstract) | ||
| 650 | _aBATCHELOR V MARLOW | ||
| 650 | _aPRESCRIPTIVE RIGHTS | ||
| 650 | _aCAR PARKING | ||
| 650 | _aEASEMENT | ||
| 690 | _aPROPERTY AND LAND LAW-CASE LAW | ||
| 942 | _n0 | ||
| 999 |
_c68875 _d68875 |
||